00693cam a22002171i 45000010005000000030008000050050017000130080041000300350014000710350019000850400044001040410008001480820023001561000029001792450123002082600036003313000021003675040050003886500011004386500026004492829BD-RjUL20211208233627.0770428s1955 enk b 001 0 eng  a(BD-RjUL) a(OCoLC)2923334 aDLCcLLcMdOCoLCdUkdDLCdBD-RjULbeng aeng a331.2942bWOS 19551 aWootton, Barbara,d1897-14aThe social foundations of wage policy :ba study of contemporary British wage and salary structure /cBarbara Wootton. aLondon :bAllen & Unwin,c1955. a200 p. ;c23 cm. aIncludes bibliographical footnotes and index. 0aWages. 0aWageszGreat Britain.